000 00361nam a2200133Ia 4500
008 200103s9999||||xx |||||||||||||| ||und||
040 _aIMU-MPC
082 _aColumn-50
100 _aRobberson, Elbert
245 0 _aHow to install and repair Marine Electronic Equipment
260 _bJohn F. Rider Publisher, Inc., New York
_c1963
300 _a206
942 _cBK
999 _c9781
_d9781